[Event "Voronezh Region-ch"]
[Site "Voronezh"]
[Date "2017.12.16"]
[Round "4"]
[White "Kovalenko, Sergey"]
[Black "Chernyshov, Konstantin"]
[Result "0-1"]
[WhiteElo "2246"]
[BlackElo "2481"]
[PlyCount "78"]
[EventDate "2017.12.12"]
[EventType "swiss"]
[EventRounds "9"]
[EventCountry "RUS"]
[SourceTitle "CBM 182 Extra"]
[Source "ChessBase"]
[SourceDate "2018.02.23"]
[SourceVersion "1"]
[SourceVersionDate "2018.02.23"]
[SourceQuality "1"]

1. d4 Nf6 2. Nf3 e6 3. e3 b6 4. Bd3 Bb7 5. Nbd2 d5 6. 0-0 Nbd7 7. b3 Bd6 8. Bb2 0-0 9. Ne5 c5 10. f4 cxd4 11. exd4 Ne4 12. Nxe4 dxe4 13. Bb5 Nf6 14. f5 Qc7 15. Bc4 Bd5 16. Qe2 Rac8 17. Rad1 Bxc4 18. bxc4 Rfe8 19. g4 exf5 20. Rxf5 Bxe5 21. dxe5 Nd7 22. Qxe4 Nc5 23. Qf3 Ne6 24. Rf1 Re7 25. Qg2 Qc5+ 26. R5f2 Rd7 27. Kh1 Qb4 28. Bc1 Rxc4 29. Qa8+ Qf8 30. Qf3 Qc8 31. Qf5 Qc6+ 32. Kg1 g6 33. Qf3 Qxf3 34. Rxf3 Rxg4+ 35. Kh1 Rc4 36. Bh6 Rxc2 37. Rf6 Rc8 38. Kg2 Re8 39. Kf3 Nc5 0-1

[Event "Voronezh Region-ch"]
[Site "Voronezh"]
[Date "2017.12.15"]
[Round "3"]
[White "Chernyshov, Konstantin"]
[Black "Klimentov, Roman"]
[Result "1-0"]
[WhiteElo "2481"]
[BlackElo "2195"]
[PlyCount "51"]
[EventDate "2017.12.12"]
[EventType "swiss"]
[EventRounds "9"]
[EventCountry "RUS"]
[SourceTitle "CBM 182 Extra"]
[Source "ChessBase"]
[SourceDate "2018.02.23"]
[SourceVersion "1"]
[SourceVersionDate "2018.02.23"]
[SourceQuality "1"]

1. c4 Nf6 2. Nc3 g6 3. g3 Bg7 4. Bg2 0-0 5. d4 d6 6. e3 Nc6 7. b3 e5 8. dxe5 Nxe5 9. Bb2 Bf5 10. e4 Bg4 11. Qd2 a5 12. h3 Bd7 13. f4 Nc6 14. Nge2 Qc8 15. Rd1 b6 16. g4 Re8 17. e5 dxe5 18. g5 Nd4 19. gxf6 Bxf6 20. Ne4 Bh4+ 21. Kf1 Nxe2 22. Kxe2 Bc6 23. fxe5 f5 24. Qh6 Bxe4 25. Bxe4 fxe4 26. Qxh4 1-0

[Event "Prague Summer op 4th"]
[Site "Prague"]
[Date "2017.08.11"]
[Round "9"]
[White "Gokhale, Chandrashekhar"]
[Black "Chernyshov, Konstantin"]
[Result "0-1"]
[WhiteElo "2197"]
[BlackElo "2496"]
[PlyCount "74"]
[EventDate "2017.08.04"]
[EventType "swiss"]
[EventRounds "9"]
[EventCountry "CZE"]
[SourceTitle "CBM 179 Extra"]
[Source "ChessBase"]
[SourceDate "2017.08.23"]
[SourceVersion "1"]
[SourceVersionDate "2017.08.23"]
[SourceQuality "1"]

1. Nf3 Nf6 2. g3 d5 3. Bg2 c5 4. d3 Nc6 5. Nbd2 g6 6. 0-0 Bg7 7. e4 0-0 8. c3 Bg4 9. Qc2 Qd7 10. Re1 b6 11. a4 Rac8 12. exd5 Nxd5 13. Nc4 Rfd8 14. Nfe5 Nxe5 15. Nxe5 Qe6 16. f4 Bf5 17. Qf2 Qd6 18. g4 Be6 19. h3 f6 20. Nc4 Qd7 21. f5 Bf7 22. Be4 e6 23. Rf1 exf5 24. gxf5 g5 25. h4 h6 26. Qh2 Qc7 27. Rf2 Qxh2+ 28. Rxh2 Rc7 29. Na3 Bf8 30. Rg2 Rcd7 31. Nc2 Bd6 32. c4 Nf4 33. Bxf4 Bxf4 34. Re1 Rxd3 35. Bxd3 Rxd3 36. Re7 Bxc4 37. Rxa7 Rd1+ 0-1

[Event "Prague Summer op 4th"]
[Site "Prague"]
[Date "2017.08.09"]
[Round "7"]
[White "Chernyshov, Konstantin"]
[Black "Brokken, Dennis"]
[Result "0-1"]
[WhiteElo "2496"]
[BlackElo "2401"]
[PlyCount "92"]
[EventDate "2017.08.04"]
[EventType "swiss"]
[EventRounds "9"]
[EventCountry "CZE"]
[SourceTitle "CBM 179 Extra"]
[Source "ChessBase"]
[SourceDate "2017.08.23"]
[SourceVersion "1"]
[SourceVersionDate "2017.08.23"]
[SourceQuality "1"]

1. e4 c5 2. Nf3 d6 3. Bb5+ Nd7 4. 0-0 a6 5. Bxd7+ Bxd7 6. Re1 e6 7. Nc3 b5 8. a4 g5 9. d3 g4 10. Nd2 h5 11. f3 Bg7 12. axb5 axb5 13. Rxa8 Qxa8 14. fxg4 Bd4+ 15. Kh1 Nf6 16. Nf3 Nxg4 17. Qe2 Nf2+ 18. Kg1 Nxe4+ 19. Nxd4 Nxc3 20. bxc3 cxd4 21. cxd4 b4 22. Bd2 b3 23. cxb3 Bc6 24. Bf4 Kd7 25. Qf2 f5 26. Bg3 h4 27. Bxh4 Bxg2 28. Qxg2 Qxg2+ 29. Kxg2 Rxh4 30. d5 e5 31. Rf1 Rg4+ 32. Kh3 Rd4 33. Rxf5 Rxd3+ 34. Kg2 Rxd5 35. h4 Ke6 36. Rf3 e4 37. Rh3 Rh5 38. Kg3 Ke5 39. Kg4 Rh8 40. h5 Rg8+ 41. Kh4 Kf4 42. h6 e3 43. Rh1 d5 44. Kh5 e2 45. h7 Rh8 46. Kg6 d4 0-1